header

Educational evaluation in East Asia (Record no. 157160)

MARC details
000 -LEADER
fixed length control field 01456nam a2200361 a 4500
082 04 - DEWEY DECIMAL CLASSIFICATION NUMBER
Classification number 379.1/58095
245 00 - TITLE STATEMENT
Title Educational evaluation in East Asia
260 ## - PUBLICATION, DISTRIBUTION, ETC. (IMPRINT)
Place of publication New York :
Name of publisher Nova Science Publishers,
Year of publication c2009.
300 ## - PHYSICAL DESCRIPTION
Number of Pages vi, 156 p. :
Other physical details ill.
505 0# - FORMATTED CONTENTS NOTE
Formatted contents note pt. 1. Practices and challenges -- pt. 2. Variations and evaluation.
650 #0 - SUBJECT ADDED ENTRY--TOPICAL TERM
Topical Term Educational evaluation
Topical Term Educational accountability
700 1# - ADDED ENTRY--PERSONAL NAME
Personal name Peng, Samuel S.
Personal name Li, Zijian,
856 40 - ELECTRONIC LOCATION AND ACCESS
Uniform Resource Identifier http://site.ebrary.com/lib/rucke/Doc?id=10681069

No items available.

© 2026 Rongo University
Contact us: librarian | system librarian | Rongo university